Stadiony na Euro 2024 - Statystyki

Ogólne statystyki
  • Ten quiz został rozwiązany 34 razy
  • Średni wynik to 3 z 10
Statystyki odpowiedzi
miasto stadion % Poprawnych
Monachium Allianz Arena
96%
Dortmund Signal Iduna Park
63%
Berlin Olympiastadion
59%
Lipsk Red Bull Arena
33%
Hamburg Volksparkstadion
26%
Frankfurt Deutsche Bank Park
19%
Dusseldorf Merkur Spiel Arena
15%
Kolonia RheinEnergieStadion
15%
Gelsenkirchen Veltins Arena
15%
Stuttgart MHP Arena
7%
Nie znaleziono quizów pasujących do podanych kryteriów
Rozkład punktacji
Procent ludzi z każdym wynikiem
Percentyl według liczby udzielonych odpowiedzi
Twoja historia wyników
Nie rozwiązałeś tego quizu